000
00317 a2200133 4500
000
nam a22 7a 4500
100
_a
Sullia, S B
110
_a
Sullia, S B
245
_a
General microbiology
250
_a
latest edition
260
_b
Oxford & IBH ,CBS
_c
2025
264
_b
Oxford & IBH ,CBS
_c
2025
942
_c
BK
999
_c
395754
_d
395754